000 00439cam a2200181ua 4500
020 _c19.00
041 _aeng
_h
082 _a629.25
_bKOL/DE
100 _aKolchin , A .
245 _aDesign of Automotive Engines /
_cA . Kolchin.
_hTextual Documents
260 _aMoscow :
_bMIR Publishers ,
_c1984.
300 _a429 ; .
365 _a19.00
504 _a
700 1 _aDemidov, V .
942 _cBK
999 _c2777
_d2777